000 00853nmm a2200265 a 4500
001 ocm000782578
003 TR-IsHL
005 20201028123538.0
008 130902s2011 tu tur
007 cr cn
035 _a782578
_b(N$T)
050 0 4 _aGR75.G75
_bÇ5 2011
090 0 4 _aGR75.G75
_bÇ5 2011
245 1 0 _aÇizmeli kedi
_h[electronic resource] /
_cres. Süleyman Özkonuk ; ed. Derya Günay
260 _aİstanbul :
_bBirleşik Yayın Grubu,
_c2011
300 _a9 p.
650 4 _aDil ve Edebiyat
650 4 _aLanguage and Literature
650 0 _aMasallar
650 0 _aTales
650 7 _aFICTION / Fairy Tales, Folk Tales, Legends & Mythology
_2bisacsh
700 1 _aÖzkonuk, Süleyman
700 1 _aGünay, Derya
856 4 0 _uhttp://search.ebscohost.com/login.aspx?direct=true&scope=site&db=e011xww&AN=782578
999 _c2464
_d2464